HUMAN PHYSIOLOGY [VOL-1] (Record no. 8620)

MARC details
000 -LEADER
fixed length control field 00447nam a22001817a 4500
005 - DATE AND TIME OF LATEST TRANSACTION
control field 20240902132754.0
008 - FIXED-LENGTH DATA ELEMENTS--GENERAL INFORMATION
fixed length control field 240902b |||||||| |||| 00| 0 eng d
020 ## - INTERNATIONAL STANDARD BOOK NUMBER
ISBN 978-93-88902-71-7
041 ## - LANGUAGE CODE
Language code of text/sound track or separate title eng
082 ## - DEWEY DECIMAL CLASSIFICATION NUMBER
Classification number 612 CHA
100 ## - MAIN ENTRY--AUTHOR NAME
Personal name CHATTERJEE, C.C
245 ## - TITLE STATEMENT
Title HUMAN PHYSIOLOGY [VOL-1]
250 ## - EDITION STATEMENT
Edition statement 13TH .ED. 2020
260 ## - PUBLICATION, DISTRIBUTION, ETC. (IMPRINT)
Place of publication NEW DELHI
Name of publisher C.B.S PUBLISHER'S PVT.LTD
300 ## - PHYSICAL DESCRIPTION
Number of Pages 588;P
650 ## - SUBJECT ADDED ENTRY--TOPICAL TERM
Topical Term BMLT
942 ## - ADDED ENTRY ELEMENTS (KOHA)
Koha item type Books
Holdings
Lost status Damaged status Collection code Home library Current library Shelving location Date acquired Source of acquisition Cost, normal purchase price Full call number Accession Number Koha item type
    Bachelor of Medical Laboratory Technology JRU Library JRU Library SHELF-105-B 30/08/2024 PURCHASE 1095.00 612 28377 Books
    Bachelor of Medical Laboratory Technology JRU Library JRU Library SHELF-105-B 30/08/2024 PURCHASE 1095.00 612 28378 Books